<?xml version="1.0" encoding="UTF-8"?>
<collection xmlns="http://www.loc.gov/MARC21/slim">
<record>
  <controlfield tag="001">167096</controlfield>
  <controlfield tag="005">20260121151431.0</controlfield>
  <datafield tag="037" ind1=" " ind2=" ">
    <subfield code="a">TAZ-TFG-2025-1679</subfield>
  </datafield>
  <datafield tag="041" ind1=" " ind2=" ">
    <subfield code="a">spa</subfield>
  </datafield>
  <datafield tag="100" ind1="1" ind2=" ">
    <subfield code="a">Jiménez Orcajo, Marcos</subfield>
  </datafield>
  <datafield tag="242" ind1="0" ind2="0">
    <subfield code="a">Historical floods and reconstruction of their effects on the Ebro free meandering river (Logroño-La Zaida)</subfield>
  </datafield>
  <datafield tag="245" ind1="0" ind2="0">
    <subfield code="a">Crecidas históricas y reconstrucción de sus efectos en la dinámica fluvial del Ebro de meandros libres (Logroño-La Zaida)</subfield>
  </datafield>
  <datafield tag="260" ind1=" " ind2=" ">
    <subfield code="a">Zaragoza</subfield>
    <subfield code="b">Universidad de Zaragoza</subfield>
    <subfield code="c">2025</subfield>
  </datafield>
  <datafield tag="506" ind1=" " ind2=" ">
    <subfield code="a">by-nc-sa</subfield>
    <subfield code="b">Creative Commons</subfield>
    <subfield code="c">3.0</subfield>
    <subfield code="u">http://creativecommons.org/licenses/by-nc-sa/3.0/</subfield>
  </datafield>
  <datafield tag="520" ind1=" " ind2=" ">
    <subfield code="a">El río Ebro es el curso fluvial con mayor tramo de meandros libres de la península ibérica, describiendo durante más de 340 km, desde Logroño hasta la Zaida, un trazado sinuoso sobre una amplia llanura de inundación de escasa pendiente.&lt;br />Dada su importancia y su amplia cuenca receptora con aportes de caudalosos afluentes, las crecidas extraordinarias han sido a lo largo de la historia sucesos de especial incidencia en sus márgenes, provocando afecciones en el paisaje y en las poblaciones asentadas más cerca de su cauce.&lt;br />En el presente documento, se van a recopilar estos eventos desde que se tienen registros, disponiendo, siglos atrás, información de ellas a partir de las incidencias datadas por las poblaciones; y desde el siglo XX, por las diferentes estaciones de aforo instaladas a lo largo de su recorrido.&lt;br />Por otro lado, el grueso del estudio se va a centrar en analizar los efectos hidrogeomorfológicos de estas crecidas en tramos concretos elegidos, dada la gran dinámica y cambios en la morfología del cauce que han provocado en el último siglo, estudiados a través de los vuelos fotogramétricos disponibles.&lt;br />Por último, se hará un inciso sobre la importancia de este estudio en la futura gestión del espacio ribereño.&lt;br />&lt;br /></subfield>
  </datafield>
  <datafield tag="521" ind1=" " ind2=" ">
    <subfield code="a">Graduado en Geografía y Ordenación del Territorio</subfield>
  </datafield>
  <datafield tag="540" ind1=" " ind2=" ">
    <subfield code="a">Derechos regulados por licencia Creative Commons</subfield>
  </datafield>
  <datafield tag="856" ind1="0" ind2=" ">
    <subfield code="f">843425@unizar.es</subfield>
  </datafield>
  <datafield tag="856" ind1="4" ind2=" ">
    <subfield code="s">12095833</subfield>
    <subfield code="u">http://zaguan.unizar.es/record/167096/files/TAZ-TFG-2025-1679.pdf</subfield>
    <subfield code="y">Memoria (spa)</subfield>
  </datafield>
  <datafield tag="909" ind1="C" ind2="O">
    <subfield code="o">oai:zaguan.unizar.es:167096</subfield>
    <subfield code="p">driver</subfield>
    <subfield code="p">trabajos-fin-grado</subfield>
  </datafield>
  <datafield tag="950" ind1=" " ind2=" ">
    <subfield code="a"></subfield>
  </datafield>
  <datafield tag="691" ind1=" " ind2=" ">
    <subfield code="a">13 15</subfield>
  </datafield>
  <datafield tag="692" ind1=" " ind2=" ">
    <subfield code="a">Contribuye a la mejor convivencia con el curso fluvial del Ebro y a la prevención de sus inundaciones</subfield>
  </datafield>
  <datafield tag="700" ind1=" " ind2=" ">
    <subfield code="a">Ollero Ojeda, Alfredo</subfield>
    <subfield code="e">dir.</subfield>
  </datafield>
  <datafield tag="710" ind1="2" ind2=" ">
    <subfield code="a">Universidad de Zaragoza</subfield>
    <subfield code="b">Geografía y Ordenación del Territorio</subfield>
    <subfield code="c">Geografía Física</subfield>
  </datafield>
  <datafield tag="980" ind1=" " ind2=" ">
    <subfield code="a">TAZ</subfield>
    <subfield code="b">TFG</subfield>
    <subfield code="c">FFYL</subfield>
  </datafield>
  <datafield tag="999" ind1=" " ind2=" ">
    <subfield code="a">20250530110107.CREATION_DATE</subfield>
  </datafield>
  <datafield tag="951" ind1=" " ind2=" ">
    <subfield code="a">deposita:2026-01-21</subfield>
  </datafield>
</record>
</collection>